000
00297nam a2200121Ia 4500
008
220216s9999 xx 000 0 und d
245
0
_a
Rubberized roads in Queensland
260
_b
Rubber Developments
_c
1959
300
_a
23-26
650
_a
Queensland
650
_a
Rubberized road
942
_c
JS
999
_c
68280
_d
68280